000 00404nam a2200169Ia 4500
005 20250423101651.0
008 250422s9999 xx 000 0 und d
020 _a9788188458332
050 _aTK 7874 .S56/
100 _aSingh R. K.
245 0 _aVLSI Design with VHDL (Analog & Digital)
260 _aDelhi
260 _bS. K. Kataria & Sons
260 _c2010
300 _a496 p
942 _cBK
999 _c36923
_d36923